| 000 | 00499cam a2200205 4500 | ||
|---|---|---|---|
| 001 | D6895 | ||
| 008 | 090401t1985 xxu||||| |||| 00| 0 eng d | ||
| 035 | _a(Sirsi) u3793 | ||
| 041 | _aeng | ||
| 050 | _a333.332 | ||
| 100 | _aMacpherson, Ian | ||
| 245 | _aLeasehold enfranchisement | ||
| 260 |
_aReading _bCollege of Estate Management _c1985 |
||
| 300 | _a76p. 25cm | ||
| 350 | _a0 | ||
| 490 |
_aProperty Valuation Handbook _vC3 |
||
| 520 | _aCover title | ||
| 942 | _n0 | ||
| 948 | _c04/03/1997 | ||
| 999 |
_c85939 _d85939 |
||